000 00585nam a2200193 a 4500
001 BRCA_2006
005 20190320203631.0
008 130608s1924----gw-a######---#000-0#ger-#
041 _ager
044 _agw
050 4 _aNK2602
_b.S85
_c1924
245 1 0 _aStil und Geschmack
_bein kurzer historischer überblick von Prof. Dr. Herm Schmitz und eine kultur-psychologische Darlegung von J. Meier-Graefe.
260 _aBerlín
_bFlatow and Primer
_c1924
300 _a30 p.
_bil.
_c15 cm.
500 _aI1
650 1 4 _aMuebles
_xDiseño
_zBerlín
_96144
902 _aGFM
942 _2lcc
_cB
999 _c1773
_d1773